Statistics for Days of the week

Click here to take the quiz!

General Stats

  • This quiz has been taken 5 times
  • The average score is 5 of 7

Answer Stats

HintAnswer% Correct
Monday
100%
Saturday
80%
Sunday
80%
Tuesday
80%
Wednesday
80%
Friday
60%
Thursday
60%

Score Distribution

Percentile by Number Answered

Percent of People with Each Score

Your Score History

You have not taken this quiz